|
|
|
|
| LEADER |
00000nam0a2200000 4500 |
| 001 |
151399 |
| 005 |
20231031150630.0 |
| 020 |
|
|
|a RU
|b 84-25264
|
| 035 |
|
|
|a (RuTPU)RU\TPU\book\164144
|
| 090 |
|
|
|a 151399
|
| 100 |
|
|
|a 20090122g1984 m y0rusy5003 ca
|
| 101 |
0 |
|
|a rus
|
| 102 |
|
|
|a RU
|
| 105 |
|
|
|a c z 000ay
|
| 200 |
1 |
|
|a Избранные произведения
|e в 2 т.
|h Т. 1. Человек в степи. Рассказы (1946-1980)
|f В. Д. Фоменко
|g авт. предисл. А. Кондратович
|
| 210 |
|
|
|a Москва
|c Художественная литература
|d 1984
|
| 215 |
|
|
|d 21 см
|a 319 с.
|c 1 л. портр.
|
| 333 |
|
|
|a Исключено из фонда НТБ ТПУ
|
| 675 |
|
|
|a Р2
|z rus
|
| 700 |
|
1 |
|a Фоменко
|b В. Д.
|g Владимир Дмитриевич
|4 070
|
| 702 |
|
1 |
|a Кондратович
|b А.
|4 080
|
| 801 |
|
0 |
|a RU
|b RuMRKP
|c 19950704
|g psbo
|
| 801 |
|
1 |
|a RU
|b 63413507
|c 20090122
|g PSBO
|
| 801 |
|
2 |
|a RU
|b 63413507
|c 20221004
|g PSBO
|
| 942 |
|
|
|c BK
|